[Event "NAYCC U16 w"]
[Site "Kingston CAN"]
[Date "2019.08.16"]
[Round "1.174"]
[White "Carrillo, Hiromi"]
[Black "Savla, Saniya"]
[Result "1-0"]
[WhiteElo "1503"]
[BlackElo "1405"]
[PlyCount "103"]
[EventDate "2019.08.16"]
[EventType "swiss"]
[EventRounds "9"]
[EventCountry "CAN"]

1. c4 c6 2. Nc3 d5 3. cxd5 cxd5 4. d4 Nf6 5. Nf3 Nc6 6. Bf4 e6 7. e3 a6 8. a3
h6 9. Be2 Bd6 10. Bxd6 Qxd6 11. Rc1 O-O 12. Qd3 Rd8 13. Rd1 e5 14. dxe5 Nxe5
15. Nxe5 Qxe5 16. Qd4 Qe7 17. Bf3 Be6 18. O-O Rac8 19. Qe5 Qc5 20. Rd2 Rd7 21.
Rfd1 Re8 22. Qd4 Qc6 23. Qb4 Red8 24. h3 b5 25. Rd4 Qb7 26. R1d2 Rc8 27. Qb3
Rc4 28. Qd1 Rxd4 29. Rxd4 Qc6 30. Qd3 Qa8 31. a4 bxa4 32. Rxa4 Ra7 33. Ra5 Qc6
34. Be2 Bc8 35. Nxd5 Qc1+ 36. Kh2 Qxb2 37. Nxf6+ Qxf6 38. Bf3 Rd7 39. Qc4 Qd6+
40. g3 Rc7 41. Qb3 Be6 42. Qb8+ Kh7 43. Rxa6 Qxa6 44. Qxc7 Qf1 45. Qc2+ g6 46.
Bg2 Qb5 47. e4 Qc4 48. Qd2 Qa2 49. Qf4 Qc4 50. Qf6 Qe2 51. f4 Qf2 52. Qe5 1-0

[Event "NAYCC U16 w"]
[Site "Kingston CAN"]
[Date "2019.08.16"]
[Round "1.175"]
[White "Pinder, Trinity"]
[Black "Vittal, Sanjana"]
[Result "0-1"]
[WhiteElo "1289"]
[BlackElo "1906"]
[PlyCount "80"]
[EventDate "2019.08.16"]
[EventType "swiss"]
[EventRounds "9"]
[EventCountry "CAN"]

1. d4 d5 2. c4 e6 3. Nc3 Bb4 4. Bd2 Nf6 5. cxd5 exd5 6. g3 c6 7. Bg2 O-O 8. Nf3
Re8 9. O-O a5 10. a3 Bd6 11. Re1 h6 12. e3 Ne4 13. Qc2 Nd7 14. Nh4 Ndf6 15. f3
Nxd2 16. e4 Nc4 17. Bf1 Bf8 18. e5 Nh5 19. f4 Nxf4 20. gxf4 Qxh4 21. Bxc4 dxc4
22. Qf2 Qxf2+ 23. Kxf2 Bf5 24. Ne4 Bxe4 25. Rxe4 Rad8 26. Rc1 b5 27. Rc3 c5 28.
dxc5 Bxc5+ 29. Kf3 Rd3+ 30. Rxd3 cxd3 31. Re1 Rd8 32. Rd1 Kf8 33. Ke4 d2 34.
Kf3 Ke7 35. Ke2 Ke6 36. Rxd2 Rxd2+ 37. Kxd2 Kf5 38. Ke2 Kxf4 39. b3 Kxe5 40.
Kf3 Bxa3 0-1

[Event "NAYCC U16 w"]
[Site "Kingston CAN"]
[Date "2019.08.16"]
[Round "2.172"]
[White "Vittal, Sanjana"]
[Black "Cui, Cynthia"]
[Result "1-0"]
[WhiteElo "1906"]
[BlackElo "1783"]
[PlyCount "113"]
[EventDate "2019.08.16"]
[EventType "swiss"]
[EventRounds "9"]
[EventCountry "CAN"]

1. e4 e6 2. d4 d5 3. Nc3 Bb4 4. Nge2 Nf6 5. e5 Nfd7 6. a3 Be7 7. Be3 c5 8. f4
Nc6 9. dxc5 Bxc5 10. Bxc5 Nxc5 11. Nd4 O-O 12. b4 Nd7 13. Qd2 Qe7 14. Bb5 Nxd4
15. Qxd4 Nb6 16. O-O Bd7 17. Bd3 f6 18. Rae1 Rac8 19. Rf3 fxe5 20. Rxe5 Qf6 21.
Ne2 Nc4 22. Bxc4 Rxc4 23. Qd2 Qd8 24. c3 Rf6 25. Nd4 a5 26. g3 Qb6 27. Kg2 Be8
28. Rfe3 Bg6 29. Qe2 Rc8 30. Rxe6 Rxe6 31. Rxe6 Qc7 32. f5 Bf7 33. Re3 axb4 34.
axb4 Qb6 35. Qg4 Ra8 36. Re2 Qh6 37. Rf2 Qf6 38. Qf4 Rc8 39. Rf3 Bh5 40. g4 Bf7
41. Re3 Qa6 42. Qf2 Qf6 43. Qg3 Qa6 44. g5 Qa2+ 45. Qf2 Qa3 46. Qd2 Qa6 47. Qe1
Qa2+ 48. Kg3 Qa6 49. Kg2 Qa2+ 50. Qe2 Qa7 51. f6 Qb8 52. Nf5 Rd8 53. Re7 Qf4
54. Rxf7 Kxf7 55. Qe7+ Kg6 56. Ng3 Qc7 57. Qxc7 1-0

[Event "NAYCC U16 w"]
[Site "Kingston CAN"]
[Date "2019.08.16"]
[Round "2.173"]
[White "Liu, Gloria"]
[Black "He, Emma"]
[Result "0-1"]
[WhiteElo "870"]
[BlackElo "1808"]
[PlyCount "124"]
[EventDate "2019.08.16"]
[EventType "swiss"]
[EventRounds "9"]
[EventCountry "CAN"]

1. e4 e5 2. Nf3 Nc6 3. d4 exd4 4. Nxd4 Qf6 5. Be3 Bc5 6. c3 Nge7 7. b4 Bxd4 8.
Bxd4 Nxd4 9. cxd4 Nc6 10. Nc3 Qxd4 11. Qxd4 Nxd4 12. Bd3 O-O 13. O-O b6 14. b5
Bb7 15. f4 Ne6 16. Bc4 Nc5 17. e5 Ne4 18. Bd5 Nxc3 19. Bxb7 Rab8 20. Rf3 Nxb5
21. Ba6 Nd4 22. Rff1 c5 23. a4 Rfe8 24. Rab1 Re6 25. Bc4 Ree8 26. g4 Red8 27.
Rbe1 b5 28. axb5 Nxb5 29. f5 Nd4 30. g5 Rb4 31. Bd5 Nc2 32. Re2 Rg4+ 33. Kh1
Nb4 34. Bxf7+ Kxf7 35. e6+ dxe6 36. fxe6+ Ke7 37. Rf7+ Kd6 38. Rxg7 Nd5 39.
Rxh7 Rxg5 40. Rh6 Re8 41. e7+ Kd7 42. Ra2 Rxe7 43. Rxa7+ Ke8 44. Rh8+ Kf7 45.
Rh7+ Rg7 46. Rxe7+ Nxe7 47. Rxg7+ Kxg7 48. Kg1 c4 49. Kf2 c3 50. Ke2 Nd5 51.
Kd3 Kg6 52. Kc2 Kh5 53. Kc1 Kh4 54. Kc2 Kh3 55. Kc1 Kxh2 56. Kc2 Kg3 57. Kc1
Kf4 58. Kc2 Ke3 59. Kc1 Kd3 60. Kd1 c2+ 61. Kc1 Nb6 62. Kb2 Kd2 0-1

[Event "NAYCC U16 w"]
[Site "Kingston CAN"]
[Date "2019.08.16"]
[Round "2.174"]
[White "Zhou, Iris"]
[Black "Carrillo, Hiromi"]
[Result "1/2-1/2"]
[WhiteElo "1794"]
[BlackElo "1503"]
[PlyCount "123"]
[EventDate "2019.08.16"]
[EventType "swiss"]
[EventRounds "9"]
[EventCountry "CAN"]

1. e4 c5 2. Nf3 d6 3. d4 cxd4 4. Nxd4 Nf6 5. Nc3 a6 6. a4 e5 7. Nf3 Qc7 8. Be2
Be7 9. O-O O-O 10. Bg5 Nbd7 11. a5 h6 12. Be3 Nc5 13. Nd2 Qc6 14. f3 Be6 15.
Nb3 d5 16. exd5 Nxd5 17. Nxd5 Bxd5 18. c4 Be6 19. Qc2 Rac8 20. Nd2 Nd7 21. Qc3
Qd6 22. Rfd1 Qb4 23. Qxb4 Bxb4 24. Ra4 Be7 25. Ne4 Nc5 26. Nxc5 Bxc5 27. Bxc5
Rxc5 28. Rb4 Rc7 29. b3 Re8 30. Rb6 Kf8 31. Kf2 Ke7 32. Ke3 f6 33. h4 Bf7 34.
Rd2 Rd8 35. Rxd8 Kxd8 36. Bd3 Kc8 37. Be4 Be8 38. Bd5 Bd7 39. Ke4 Be8 40. g3
Bf7 41. Bxf7 Rxf7 42. Rd6 Kc7 43. Rd5 Kc6 44. b4 Re7 45. h5 Kc7 46. Kf5 Kc6 47.
Rd2 Kc7 48. g4 Kc6 49. Rd3 Kc7 50. b5 e4 51. fxe4 Re5+ 52. Kf4 axb5 53. cxb5
Rxb5 54. Ra3 Kd7 55. a6 bxa6 56. Rxa6 Ke7 57. Ra7+ Kf8 58. Rd7 Re5 59. Rd5 Re7
60. Kf5 Kf7 61. Ra5 Re6 62. Ra7+ 1/2-1/2

[Event "NAYCC U16 w"]
[Site "Kingston CAN"]
[Date "2019.08.16"]
[Round "2.175"]
[White "Su, Carah"]
[Black "Benito de Leo, Estefania"]
[Result "1/2-1/2"]
[WhiteElo "1494"]
[BlackElo "1431"]
[PlyCount "73"]
[EventDate "2019.08.16"]
[EventType "swiss"]
[EventRounds "9"]
[EventCountry "CAN"]

1. e4 e5 2. Nf3 Nc6 3. Bb5 a6 4. Ba4 Nf6 5. O-O b5 6. Bb3 Be7 7. Re1 d6 8. h3
O-O 9. c3 Na5 10. Bc2 c5 11. d4 exd4 12. cxd4 Re8 13. Nbd2 Bb7 14. d5 Rc8 15.
Nf1 Bf8 16. Bg5 g6 17. b3 Bg7 18. Rb1 Ba8 19. Ng3 Qd7 20. Qd2 Nb7 21. Qf4 Qd8
22. Qh4 c4 23. b4 Rb8 24. Nd4 Nc5 25. bxc5 dxc5 26. Nf3 Qb6 27. Bh6 Bh8 28. Qf4
Rbd8 29. Bg5 Rb8 30. Nd2 Nxd5 31. exd5 Bxd5 32. Rxe8+ Rxe8 33. Nxc4 Bxc4 34.
Qxc4 Re1+ 35. Kh2 Rxb1 36. Qe4 Rb2 37. Qe8+ 1/2-1/2

[Event "NAYCC U16 w"]
[Site "Kingston CAN"]
[Date "2019.08.16"]
[Round "2.176"]
[White "Savla, Saniya"]
[Black "Zhang, Michelle"]
[Result "1-0"]
[WhiteElo "1405"]
[BlackElo "1466"]
[PlyCount "75"]
[EventDate "2019.08.16"]
[EventType "swiss"]
[EventRounds "9"]
[EventCountry "CAN"]

1. e4 e5 2. Nf3 Nc6 3. Bc4 Bc5 4. Nc3 d6 5. h3 Nf6 6. d3 h6 7. Be3 Bxe3 8. fxe3
O-O 9. O-O Na5 10. Bb3 Nxb3 11. axb3 Re8 12. Qe1 b6 13. Nh4 d5 14. Qf2 Re7 15.
Qg3 Qd6 16. Nb5 Qc6 17. Nxa7 Rxa7 18. Rxa7 dxe4 19. Qf2 exd3 20. cxd3 Be6 21.
Nf5 Rd7 22. Nxh6+ gxh6 23. Qxf6 Rxd3 24. Qxh6 Rd2 25. Rf3 Qc1+ 26. Kh2 Rxg2+
27. Kxg2 Bd5 28. Qg5+ Kh7 29. Qf5+ Kg8 30. Kh2 Qd2+ 31. Rf2 Qxe3 32. Qg4+ Kf8
33. Qg3 Qe4 34. Rg2 Ke7 35. Rxc7+ Kd6 36. Rc3 Ke6 37. Qg4+ Qxg4 38. Rxg4 1-0

[Event "NAYCC U16 w"]
[Site "Kingston CAN"]
[Date "2019.08.16"]
[Round "2.177"]
[White "Wang, Isabelle"]
[Black "Pinder, Trinity"]
[Result "1-0"]
[WhiteElo "1439"]
[BlackElo "1289"]
[PlyCount "83"]
[EventDate "2019.08.16"]
[EventType "swiss"]
[EventRounds "9"]
[EventCountry "CAN"]

1. e4 c5 2. Nf3 d6 3. d4 cxd4 4. Nxd4 Nc6 5. Nc3 Nf6 6. Bc4 g6 7. Be3 Bg7 8. f3
O-O 9. Qd2 e6 10. O-O-O d5 11. exd5 exd5 12. Be2 Re8 13. g4 Be6 14. h4 Na5 15.
h5 Nc4 16. Bxc4 dxc4 17. hxg6 fxg6 18. Qf2 Bxg4 19. Nf5 Qxd1+ 20. Rxd1 Bxf5 21.
Bxa7 Nd7 22. Bd4 Bh6+ 23. Kb1 Rf8 24. Qh4 Bg7 25. Bxg7 Kxg7 26. Qxc4 Rae8 27.
Qc7 Kh6 28. Qxb7 Ne5 29. f4 Bg4 30. Rh1+ Bh5 31. fxe5 Rxe5 32. a4 Kg5 33. Qg2+
Kf6 34. Rf1+ Rf5 35. Qc6+ Ke5 36. Rxf5+ gxf5 37. Qh6 Rg8 38. Qxh5 Kd4 39. Qxf5
Rg1+ 40. Ka2 Ke3 41. Qc5+ Kd2 42. Qxg1 1-0

[Event "NAYCC U16 w"]
[Site "Kingston CAN"]
[Date "2019.08.17"]
[Round "3.172"]
[White "He, Emma"]
[Black "Vittal, Sanjana"]
[Result "0-1"]
[WhiteElo "1808"]
[BlackElo "1905"]
[PlyCount "60"]
[EventDate "2019.08.16"]
[EventType "swiss"]
[EventRounds "9"]
[EventCountry "CAN"]

1. e4 e5 2. Nf3 Nc6 3. Bc4 Nf6 4. d3 Be7 5. O-O O-O 6. Re1 d6 7. a4 Kh8 8. c3
Ng8 9. b4 f5 10. exf5 Bxf5 11. b5 Nb8 12. Bb3 Qe8 13. Bg5 Bxg5 14. Nxg5 Qg6 15.
Ne4 Nd7 16. Re3 Ndf6 17. Ng3 Bd7 18. Ra2 h5 19. d4 e4 20. d5 h4 21. Nf1 Nh5 22.
Bc2 Ngf6 23. Qd4 Rae8 24. g3 Nf4 25. Kh1 Bh3 26. Nbd2 Ng4 27. Bxe4 Nxf2+ 28.
Kg1 Nxe4 29. Nxe4 Ne2+ 30. Raxe2 Rxf1# 0-1

[Event "NAYCC U16 w"]
[Site "Kingston CAN"]
[Date "2019.08.17"]
[Round "3.173"]
[White "Benito de Leo, Estefania"]
[Black "Zhou, Iris"]
[Result "1/2-1/2"]
[WhiteElo "1431"]
[BlackElo "1794"]
[PlyCount "92"]
[EventDate "2019.08.16"]
[EventType "swiss"]
[EventRounds "9"]
[EventCountry "CAN"]

1. e4 c6 2. d4 d5 3. exd5 cxd5 4. c4 Nf6 5. Nc3 e6 6. c5 Be7 7. Nf3 Nc6 8. Bf4
Nh5 9. Bd2 O-O 10. Bb5 Nf6 11. Bf4 a6 12. Ba4 Bd7 13. O-O b6 14. cxb6 Qxb6 15.
Rb1 Rfd8 16. Re1 Rac8 17. Bb3 Na5 18. Bxd5 Bb4 19. Bb3 Nxb3 20. Qxb3 Qa5 21.
Rec1 Bc6 22. a3 Bf8 23. Qd1 Bxf3 24. gxf3 Qf5 25. Bg3 Nh5 26. Ne4 Nxg3 27. hxg3
Rxc1 28. Rxc1 h5 29. Kg2 Be7 30. Qd2 h4 31. Rh1 Qg6 32. Qe3 Rd5 33. f4 Rh5 34.
Ng5 hxg3 35. Rxh5 Qxh5 36. fxg3 Bxg5 37. fxg5 Qg6 38. Qd2 Qe4+ 39. Kh2 Kh7 40.
Kg1 Kg6 41. Kf2 Qf5+ 42. Kg2 Qe4+ 43. Kg1 Qf5 44. Kg2 Qe4+ 45. Kg1 Qb1+ 46. Kg2
Qe4+ 1/2-1/2

[Event "NAYCC U16 w"]
[Site "Kingston CAN"]
[Date "2019.08.17"]
[Round "3.174"]
[White "Carrillo, Hiromi"]
[Black "Wang, Isabelle"]
[Result "1-0"]
[WhiteElo "1503"]
[BlackElo "1439"]
[PlyCount "147"]
[EventDate "2019.08.16"]
[EventType "swiss"]
[EventRounds "9"]
[EventCountry "CAN"]

1. c4 c5 2. Nc3 Nc6 3. g3 g6 4. Bg2 Bg7 5. Nf3 e5 6. d3 Nge7 7. O-O O-O 8. a3
d6 9. Rb1 f5 10. Bd2 Be6 11. Ng5 Bd7 12. b4 h6 13. Nf3 Rb8 14. b5 Nd4 15. Nxd4
cxd4 16. Nd5 Be6 17. Qb3 Bxd5 18. cxd5 b6 19. Rbc1 Qd7 20. Rc4 Rfc8 21. Rfc1
Kh7 22. a4 Rxc4 23. dxc4 Ng8 24. Ra1 Qb7 25. Bb4 Bf8 26. a5 Ra8 27. Qa3 Rd8 28.
axb6 axb6 29. Qa7 Rd7 30. Qa8 Qxa8 31. Rxa8 Be7 32. Rc8 e4 33. Rc6 Rb7 34. Bxd6
Bxd6 35. Rxd6 d3 36. exd3 exd3 37. Kf1 Ra7 38. Re6 Ra1+ 39. Re1 Ra4 40. Rd1
Rxc4 41. Rxd3 Nf6 42. d6 Rc8 43. Bc6 Kg7 44. Ra3 Rd8 45. Ra7+ Kf8 46. d7 Ke7
47. Rb7 Nxd7 48. Bxd7 Rxd7 49. Rxb6 Kf7 50. Ke2 Rd4 51. Rc6 Rb4 52. b6 h5 53.
Kf3 g5 54. Rh6 h4 55. gxh4 gxh4 56. b7 Ke7 57. Rxh4 Rb3+ 58. Kg2 Kd6 59. Rh7
Ke5 60. h4 Kf4 61. Rg7 Ke5 62. h5 Kf6 63. h6 f4 64. Rc7 f3+ 65. Kg3 Rb5 66. h7
Rg5+ 67. Kxf3 Rf5+ 68. Kg2 Rg5+ 69. Kf1 Kg6 70. b8=Q Rb5 71. Qxb5 Kh6 72. Rc6+
Kxh7 73. Qb7+ Kh8 74. Rc8# 1-0

[Event "NAYCC U16 w"]
[Site "Kingston CAN"]
[Date "2019.08.17"]
[Round "3.175"]
[White "Cui, Cynthia"]
[Black "Liu, Gloria"]
[Result "1-0"]
[WhiteElo "1783"]
[BlackElo "870"]
[PlyCount "47"]
[EventDate "2019.08.16"]
[EventType "swiss"]
[EventRounds "9"]
[EventCountry "CAN"]

1. c4 Nf6 2. Nc3 d6 3. g3 c5 4. Bg2 g6 5. Nf3 Bg7 6. d4 cxd4 7. Nxd4 O-O 8. O-O
Qd7 9. b3 Nc6 10. Bb2 e6 11. Rc1 Nxd4 12. Qxd4 Nd5 13. Qd3 Nb4 14. Qb1 Rb8 15.
Rfd1 a6 16. Ne4 d5 17. Nf6+ Bxf6 18. Bxf6 b5 19. cxd5 exd5 20. Qb2 Rb6 21. Bg7
Re8 22. a3 Nc6 23. Bxd5 Qb7 24. Bh6 1-0

[Event "NAYCC U16 w"]
[Site "Kingston CAN"]
[Date "2019.08.17"]
[Round "3.176"]
[White "Chan, Alison"]
[Black "Savla, Saniya"]
[Result "0-1"]
[WhiteElo "1373"]
[BlackElo "1405"]
[PlyCount "88"]
[EventDate "2019.08.16"]
[EventType "swiss"]
[EventRounds "9"]
[EventCountry "CAN"]

1. e4 c6 2. d4 d5 3. exd5 cxd5 4. Nf3 Nf6 5. Bd3 Nc6 6. h3 Nb4 7. Nc3 Nxd3+ 8.
Qxd3 a6 9. O-O e6 10. Re1 h6 11. Bf4 Bd6 12. Be5 Bxe5 13. Nxe5 Bd7 14. Qg3 O-O
15. Nxd7 Qxd7 16. Rad1 Rac8 17. Rd3 b5 18. Rf3 Qd8 19. a3 Rc4 20. Rd3 Qb6 21.
Qe3 Rfc8 22. Rd2 Ne8 23. Ree2 Nd6 24. g4 a5 25. f3 R4c6 26. Rd3 Qc7 27. Qe5 Qd7
28. Qf4 R6c7 29. Qc1 Rc4 30. Nd1 b4 31. Ne3 R4c7 32. axb4 axb4 33. c3 Qb5 34.
Qd2 Nc4 35. Nxc4 Rxc4 36. Ree3 bxc3 37. Rxc3 Qb6 38. Rxc4 Rxc4 39. Rd3 Rb4 40.
b3 Rxb3 41. Rxb3 Qxb3 42. Qf2 Qd3 43. Kg2 f6 44. f4 Qe4+ 0-1

[Event "NAYCC U16 w"]
[Site "Kingston CAN"]
[Date "2019.08.17"]
[Round "3.177"]
[White "Zhang, Michelle"]
[Black "Su, Carah"]
[Result "1/2-1/2"]
[WhiteElo "1486"]
[BlackElo "1494"]
[PlyCount "105"]
[EventDate "2019.08.16"]
[EventType "swiss"]
[EventRounds "9"]
[EventCountry "CAN"]

1. e4 e5 2. Nf3 Nc6 3. Bb5 a6 4. Ba4 Nf6 5. O-O Be7 6. c3 b5 7. Bc2 d6 8. h3
Na5 9. d3 c5 10. a3 Qc7 11. Re1 O-O 12. b4 Nb7 13. Nbd2 Bd7 14. Nf1 Rfc8 15.
Bd2 a5 16. bxa5 Nxa5 17. Ne3 h6 18. c4 Rab8 19. Nd5 Nxd5 20. exd5 Qa7 21. Nh2
bxc4 22. Bxa5 Qxa5 23. dxc4 Qc3 24. Qd3 Qxd3 25. Bxd3 Rb3 26. Re3 Rcb8 27. a4
f5 28. a5 Bg5 29. Rg3 Bf4 30. Rf3 Bxh2+ 31. Kxh2 e4 32. Bxe4 fxe4 33. Re3 Rxe3
34. fxe3 Ra8 35. Kg3 g5 36. h4 Kg7 37. a6 Ra7 38. hxg5 hxg5 39. Rb1 Bc8 40. Rb8
Bxa6 41. Rb6 Bxc4 42. Rxd6 Rc7 43. Kg4 Bd3 44. Kxg5 c4 45. Rg6+ Kf8 46. d6 Rd7
47. Rf6+ Ke8 48. Rh6 Kf7 49. Kf5 c3 50. Rh7+ Ke8 51. Rh8+ Kf7 52. Rh7+ Ke8 53.
Rh8+ 1/2-1/2

[Event "NAYCC U16 w"]
[Site "Kingston CAN"]
[Date "2019.08.17"]
[Round "4.173"]
[White "Vittal, Sanjana"]
[Black "Carrillo, Hiromi"]
[Result "1-0"]
[WhiteElo "1906"]
[BlackElo "1503"]
[PlyCount "93"]
[EventDate "2019.08.16"]
[EventType "swiss"]
[EventRounds "9"]
[EventCountry "CAN"]

1. e4 c5 2. Nc3 d6 3. f4 Nf6 4. Nf3 e6 5. d4 cxd4 6. Nxd4 a6 7. Bd3 Be7 8. O-O
O-O 9. Qf3 Nbd7 10. Nb3 Rb8 11. g4 b5 12. g5 Ne8 13. Qh5 f5 14. Be3 Nc5 15. Rf3
g6 16. Qh6 Rf7 17. Rh3 Bf8 18. Qh4 Bb7 19. exf5 exf5 20. Bf1 Nc7 21. Qf2 N7e6
22. Rd1 Ne4 23. Nxe4 fxe4 24. Qd2 Qc7 25. Rh4 d5 26. Bh3 Re8 27. c3 Bd6 28. Rf1
Ng7 29. Nd4 Bc5 30. Nc2 Rd8 31. Bd4 Bc8 32. Kg2 Bxh3+ 33. Rxh3 Bxd4 34. Nxd4
Qd7 35. Qe3 Rdf8 36. Rh4 Qd6 37. a3 Rb8 38. Qh3 Ne8 39. f5 Rbb7 40. Rh6 Qe7 41.
Qh4 Rb6 42. Re1 Rd6 43. f6 Qd7 44. Re3 Nc7 45. Rh3 Rb6 46. Rxg6+ Kf8 47. Qh6+
1-0

[Event "NAYCC U16 w"]
[Site "Kingston CAN"]
[Date "2019.08.17"]
[Round "4.174"]
[White "Zhou, Iris"]
[Black "He, Emma"]
[Result "1-0"]
[WhiteElo "1794"]
[BlackElo "1808"]
[PlyCount "47"]
[EventDate "2019.08.16"]
[EventType "swiss"]
[EventRounds "9"]
[EventCountry "CAN"]

1. e4 e5 2. Nf3 Nc6 3. Bc4 Nf6 4. d4 exd4 5. e5 d5 6. Bb5 Ne4 7. Nxd4 Bc5 8.
O-O Bd7 9. Bxc6 bxc6 10. f3 Ng5 11. Be3 Rb8 12. Qd2 Ne6 13. Nb3 Bxe3+ 14. Qxe3
O-O 15. f4 f5 16. Nc3 Kh8 17. Ne2 g5 18. Rac1 Rb4 19. Nbd4 Nxd4 20. Nxd4 c5 21.
e6 Qf6 22. exd7 Rxd4 23. Qe5 Qxe5 24. fxe5 1-0

[Event "NAYCC U16 w"]
[Site "Kingston CAN"]
[Date "2019.08.17"]
[Round "4.175"]
[White "Savla, Saniya"]
[Black "Benito de Leo, Estefania"]
[Result "0-1"]
[WhiteElo "1405"]
[BlackElo "1431"]
[PlyCount "92"]
[EventDate "2019.08.16"]
[EventType "swiss"]
[EventRounds "9"]
[EventCountry "CAN"]

1. e4 e5 2. Nf3 Nc6 3. Bc4 Nf6 4. d3 Bc5 5. Nc3 a6 6. a3 d6 7. h3 Be6 8. Bxe6
fxe6 9. Be3 Nd4 10. Bxd4 Bxd4 11. Nxd4 exd4 12. Ne2 e5 13. f4 Nh5 14. O-O Qh4
15. fxe5 dxe5 16. Qe1 Qxe1 17. Raxe1 Rf8 18. Rf5 Rxf5 19. exf5 Kd7 20. g4 Nf6
21. Ng3 Re8 22. Ne4 b6 23. Nxf6+ gxf6 24. Kf2 Rg8 25. Rg1 c5 26. Kf3 Kd6 27.
Ke4 b5 28. c3 h6 29. Re1 Re8 30. Re2 c4 31. Rd2 cxd3 32. Rxd3 Kc5 33. b3 a5 34.
Rg3 a4 35. bxa4 bxa4 36. cxd4+ exd4+ 37. Kd3 Rb8 38. Kc2 Kc4 39. h4 Rb3 40.
Rxb3 axb3+ 41. Kc1 d3 42. g5 Kc3 43. gxh6 b2+ 44. Kb1 d2 45. h7 d1=Q+ 46. Ka2
Qa1# 0-1

[Event "NAYCC U16 w"]
[Site "Kingston CAN"]
[Date "2019.08.17"]
[Round "4.176"]
[White "Pinder, Trinity"]
[Black "Cui, Cynthia"]
[Result "0-1"]
[WhiteElo "1289"]
[BlackElo "1783"]
[PlyCount "92"]
[EventDate "2019.08.16"]
[EventType "swiss"]
[EventRounds "9"]
[EventCountry "CAN"]

1. d4 e6 2. c4 Nf6 3. Nc3 Bb4 4. Bd2 b6 5. e4 Bxc3 6. Bxc3 O-O 7. Bd3 Bb7 8. d5
exd5 9. cxd5 d6 10. Nf3 Nbd7 11. O-O Re8 12. Re1 a5 13. Qc2 Nc5 14. Rad1 Ba6
15. Bxf6 Qxf6 16. Bxa6 Rxa6 17. b3 Raa8 18. Qc4 Re7 19. Qd4 Qf4 20. e5 Qxd4 21.
Rxd4 Rae8 22. e6 fxe6 23. dxe6 Rxe6 24. Rxe6 Rxe6 25. h3 Re2 26. a3 Nxb3 27.
Rd3 Nc5 28. Rc3 Re4 29. Ng5 Re1+ 30. Kh2 h6 31. Nf3 Re4 32. Nd2 Re2 33. Nb3
Nxb3 34. Rxb3 Rxf2 35. Rc3 Rf7 36. Kg3 d5 37. Rd3 Rd7 38. Kf4 d4 39. Ke5 c5 40.
Ke6 Rf7 41. Kd5 Rf6 42. Kc4 Kf7 43. a4 Rf2 44. g4 Rb2 45. Rf3+ Ke6 46. Rd3 Rb4#
0-1

[Event "NAYCC U16 w"]
[Site "Kingston CAN"]
[Date "2019.08.17"]
[Round "4.177"]
[White "Su, Carah"]
[Black "Chan, Alison"]
[Result "0-1"]
[WhiteElo "1494"]
[BlackElo "1373"]
[PlyCount "86"]
[EventDate "2019.08.16"]
[EventType "swiss"]
[EventRounds "9"]
[EventCountry "CAN"]

1. e4 e5 2. Nf3 Nc6 3. Bb5 a6 4. Ba4 Nf6 5. O-O Bc5 6. d3 b5 7. Bb3 h6 8. c3 d6
9. h3 O-O 10. Re1 Bb7 11. Nbd2 a5 12. Nf1 a4 13. Bc2 d5 14. Ng3 dxe4 15. dxe4
Qxd1 16. Rxd1 Rad8 17. Bd2 Rd7 18. c4 Nd4 19. Nxd4 Bxd4 20. cxb5 Bxb2 21. Rab1
a3 22. Ba5 Ra8 23. Rxd7 Nxd7 24. Bxc7 Rc8 25. b6 Nxb6 26. Bxb6 Rxc2 27. Be3 Bc8
28. Nf5 Bxf5 29. exf5 Kf8 30. Kf1 Ke7 31. g4 Bd4 32. Bxd4 exd4 33. Rd1 Rxa2 34.
Rxd4 Rb2 35. Ra4 a2 36. Kg2 Kd6 37. h4 Kc5 38. g5 hxg5 39. hxg5 Kb5 40. Ra8 Kb4
41. Rb8+ Kc3 42. Rc8+ Kb3 43. Rb8+ Kc2 0-1

[Event "NAYCC U16 w"]
[Site "Kingston CAN"]
[Date "2019.08.17"]
[Round "4.178"]
[White "Wang, Isabelle"]
[Black "Liu, Gloria"]
[Result "1-0"]
[WhiteElo "1439"]
[BlackElo "870"]
[PlyCount "79"]
[EventDate "2019.08.16"]
[EventType "swiss"]
[EventRounds "9"]
[EventCountry "CAN"]

1. e4 c5 2. Nf3 d6 3. d4 cxd4 4. Nxd4 Nf6 5. Nc3 g6 6. Be3 Bg7 7. f3 O-O 8. Qd2
Nc6 9. O-O-O Re8 10. g4 a6 11. h4 e6 12. h5 d5 13. hxg6 fxg6 14. Qh2 Kf7 15. e5
Nd7 16. f4 Rh8 17. Nf3 h6 18. Bd3 Nf8 19. Bc5 Ne7 20. Ne2 b6 21. Bd6 Bb7 22.
Ned4 Qd7 23. f5 exf5 24. gxf5 Nxf5 25. Bxf5 gxf5 26. Bxf8 Kxf8 27. e6 Qe7 28.
Nxf5 Qxe6 29. Nxg7 Kxg7 30. Qc7+ Qf7 31. Rhg1+ Kf8 32. Qd6+ Qe7 33. Qxe7+ Kxe7
34. Rg7+ Kd6 35. Rxb7 Rhf8 36. Nd4 b5 37. Rb6+ Kc5 38. Rxh6 Rfe8 39. c3 Rec8
40. Nb3+ 1-0

[Event "NAYCC U16 w"]
[Site "Kingston CAN"]
[Date "2019.08.18"]
[Round "5.173"]
[White "Benito de Leo, Estefania"]
[Black "Vittal, Sanjana"]
[Result "0-1"]
[WhiteElo "1431"]
[BlackElo "1906"]
[PlyCount "66"]
[EventDate "2019.08.16"]
[EventType "swiss"]
[EventRounds "9"]
[EventCountry "CAN"]

1. e4 e5 2. Nf3 Nc6 3. Bc4 Nf6 4. d3 Be7 5. c3 O-O 6. Nbd2 Kh8 7. O-O d6 8. d4
exd4 9. Nxd4 Nxd4 10. cxd4 Nxe4 11. Nxe4 d5 12. Bd3 dxe4 13. Bxe4 Bd6 14. Qh5
f5 15. Bg5 Bxh2+ 16. Kxh2 Qd6+ 17. g3 fxe4 18. Be3 Bf5 19. Kg2 Bg6 20. Qg4 Bf5
21. Qh5 Qe6 22. Rh1 Bg6 23. Qh3 Rf5 24. b3 Raf8 25. Rac1 Qf7 26. Rc2 Rh5 27.
Rxc7 Qf3+ 28. Kg1 Rxh3 29. Rxh3 Qd1+ 30. Kg2 Bh5 31. Rxh5 Qxh5 32. Rxb7 Qf3+
33. Kf1 Qxe3 0-1

[Event "NAYCC U16 w"]
[Site "Kingston CAN"]
[Date "2019.08.18"]
[Round "5.174"]
[White "Cui, Cynthia"]
[Black "Zhou, Iris"]
[Result "1/2-1/2"]
[WhiteElo "1783"]
[BlackElo "1794"]
[PlyCount "78"]
[EventDate "2019.08.16"]
[EventType "swiss"]
[EventRounds "9"]
[EventCountry "CAN"]

1. c4 Nf6 2. Nc3 e6 3. e4 d5 4. e5 d4 5. exf6 dxc3 6. bxc3 Qxf6 7. d4 e5 8. Nf3
exd4 9. cxd4 Bb4+ 10. Bd2 Bxd2+ 11. Qxd2 O-O 12. Be2 c5 13. O-O cxd4 14. Qxd4
Nd7 15. Qd5 Re8 16. Rfe1 Nb6 17. Qh5 Bf5 18. Rad1 Rac8 19. Nd4 Bg6 20. Qb5 a6
21. Qb3 Be4 22. Nc2 Qc6 23. Ne3 Nd7 24. Bg4 Nc5 25. Qa3 Rcd8 26. Nd5 Bxd5 27.
Rxe8+ Rxe8 28. cxd5 Qxd5 29. h3 Qe5 30. Qb4 h5 31. Bf3 b5 32. Rd5 Qe1+ 33. Qxe1
Rxe1+ 34. Kh2 Na4 35. Bxh5 g6 36. Bd1 Nc3 37. Rd8+ Kg7 38. Bb3 Re2 39. Ra8 Nxa2
1/2-1/2

[Event "NAYCC U16 w"]
[Site "Kingston CAN"]
[Date "2019.08.18"]
[Round "5.175"]
[White "Chan, Alison"]
[Black "Carrillo, Hiromi"]
[Result "0-1"]
[WhiteElo "1373"]
[BlackElo "1503"]
[PlyCount "96"]
[EventDate "2019.08.16"]
[EventType "swiss"]
[EventRounds "9"]
[EventCountry "CAN"]

1. e4 c5 2. Nf3 d6 3. d4 cxd4 4. Nxd4 Nf6 5. Nc3 a6 6. Bd3 e5 7. Nf3 h6 8. h3
Be6 9. O-O Nbd7 10. Be3 Rc8 11. Qe2 Qc7 12. Rad1 Nb6 13. Nd2 Be7 14. f4 Nc4 15.
Nxc4 Bxc4 16. f5 Qc6 17. Bxc4 Qxc4 18. Qd3 b5 19. a3 b4 20. axb4 Qxb4 21. Qxa6
O-O 22. Qd3 Qxb2 23. Bd2 Qb6+ 24. Kh1 Qc6 25. g4 Bd8 26. Qf3 Qc4 27. h4 Nh7 28.
Qg3 f6 29. Be1 Ba5 30. Rf3 Bxc3 31. Bxc3 Qxe4 32. Kg1 Rc4 33. Rxd6 Qxg4 34. Rd7
h5 35. Kf2 Rfc8 36. Rdd3 Qxh4 37. Qxh4 Rxh4 38. Rg3 Ng5 39. Rde3 Rf4+ 40. Kg2
Rxf5 41. Re2 h4 42. Rd3 e4 43. Rde3 h3+ 44. Kh2 Rfc5 45. Bd4 Rxc2 46. Rxc2
Rxc2+ 47. Kh1 Nf3 48. Rc3 Rh2# 0-1

[Event "NAYCC U16 w"]
[Site "Kingston CAN"]
[Date "2019.08.18"]
[Round "5.176"]
[White "He, Emma"]
[Black "Savla, Saniya"]
[Result "1-0"]
[WhiteElo "1808"]
[BlackElo "1405"]
[PlyCount "77"]
[EventDate "2019.08.16"]
[EventType "swiss"]
[EventRounds "9"]
[EventCountry "CAN"]

1. e4 c6 2. c4 d5 3. exd5 cxd5 4. cxd5 Qxd5 5. Nc3 Qd8 6. Nf3 Nc6 7. Bc4 Nf6 8.
O-O a6 9. h3 e6 10. d4 Na5 11. Bd3 Be7 12. Ne5 O-O 13. Ne4 Nd5 14. Qh5 f5 15.
Bg5 Bxg5 16. Nxg5 h6 17. Ngf3 Bd7 18. Nxd7 Qxd7 19. Ne5 Qd8 20. Rad1 Nf4 21.
Qf3 Qxd4 22. Rfe1 Nxd3 23. Nxd3 Rfe8 24. Nf4 Qxb2 25. Nxe6 b5 26. Qd5 Kh8 27.
Qd7 Qf6 28. Kh2 Nc4 29. Qd5 Nb6 30. Qc6 Nc4 31. Qd5 Nb6 32. Qd6 Nc4 33. Qd5 Nb6
34. Qc6 Nc4 35. Qd5 Nb6 36. Qc6 Nc4 37. Qd5 Ra7 38. Nd4 Rc7 39. Rxe8+ 1-0